Κική Δημουλά : σ'εσένα, αίφνης, απευθύνομαι
Saved in:
| Main Author: | |
|---|---|
| Other Authors: | |
| Format: | Book |
| Language: | Greek |
| Published: |
[Αθήνα] :
Καθημερινές Εκδόσεις,
2014.
|
| Series: | (Έλληνες ποιητές / Η Καθημερινή)
|
| Subjects: | |
| Tags: |
Add Tag
No Tags, Be the first to tag this record!
|
MARC
| LEADER | 00000cam a2200000 a 4500 | ||
|---|---|---|---|
| 001 | 1/124380 | ||
| 008 | 220215s2014####gr | ||| |||| ||gre|| | ||
| 020 | |a 9789604759828 | ||
| 040 | |a GR-MyUa |b gre |c GR-MyUa |e AACR2 | ||
| 041 | 0 | |a gre | |
| 082 | 7 | |a 889.1 |2 (23) | |
| 100 | 1 | |a Δημουλά, Κική, |d 1931-2020. | |
| 245 | 1 | 0 | |a Κική Δημουλά : |b σ'εσένα, αίφνης, απευθύνομαι / |c εισαγωγή, ανθολόγηση: Κωνσταντίνος Δημόπουλος. |
| 246 | 1 | |i Τίτλος εξωφύλλου: |a Κική Δημουλά : |b εργοβιογραφία, ανθολογία, απαγγελία | |
| 260 | |a [Αθήνα] : |b Καθημερινές Εκδόσεις, |c 2014. | ||
| 300 | |a 118 σ. : |b εικ. ; |c 24 εκ. + |e 1 cd (4 3/4 ίν.) | ||
| 490 | 0 | |a (Έλληνες ποιητές / Η Καθημερινή) | |
| 504 | |a Περιλαμβάνει βιβλιογραφικές παραπομπές. | ||
| 650 | 0 | |a Greek poetry, Modern. | |
| 700 | 1 | |a Δημόπουλος, Κωνσταντίνος, |e aui |e edt | |
| 970 | |a Κοντού |b Παρασκευή |z 15/02/2022 | ||